[Event "euyr2018"]
[Site "?"]
[Date "2018.05.25"]
[Round "2.20"]
[White "Jares, Michal"]
[Black "Subjakova, Kristina"]
[Result "1/2-1/2"]
[BlackElo "1459"]
[WhiteElo "1767"]
[LiveChessVersion "1.4.8"]

1. d4 {[%clk 0:20:16]} Nf6 {[%clk 0:20:19]} 2. Nf3 {[%clk 0:20:23]} g6
{[%clk 0:20:28]} 3. g3 {[%clk 0:20:30]} Bg7 {[%clk 0:20:37]} 4. Bg2
{[%clk 0:20:37]} d6 {[%clk 0:20:45]} 5. O-O {[%clk 0:20:43]} O-O {[%clk 0:20:53]}
6. c4 {[%clk 0:20:50]} Nbd7 {[%clk 0:20:55]} 7. Nc3 {[%clk 0:20:52]} e5
{[%clk 0:21:02]} 8. e4 {[%clk 0:20:53]} Qe7 {[%clk 0:20:56]} 9. d5
{[%clk 0:20:57]} a5 {[%clk 0:20:59]} 10. h3 {[%clk 0:20:54]} Nc5 {[%clk 0:21:05]}
11. Qc2 {[%clk 0:20:41]} Ne8 {[%clk 0:21:02]} 12. b3 {[%clk 0:20:40]} f5
{[%clk 0:21:08]} 13. Nd2 {[%clk 0:20:26]} Nf6 {[%clk 0:20:49]} 14. f3
{[%clk 0:19:55]} Nh5 {[%clk 0:19:59]} 15. g4 {[%clk 0:18:48]} Nf4
{[%clk 0:19:18]} 16. Rd1 {[%clk 0:17:53]} Nxg2 {[%clk 0:19:07]} 17. Kxg2
{[%clk 0:17:53]} fxg4 {[%clk 0:18:35]} 18. hxg4 {[%clk 0:17:38]} h5
{[%clk 0:18:26]} 19. Rh1 {[%clk 0:13:04]} hxg4 {[%clk 0:18:22]} 20. Ne2
{[%clk 0:11:41]} gxf3+ {[%clk 0:17:52]} 21. Nxf3 {[%clk 0:11:37]} Bg4
{[%clk 0:17:38]} 22. Ng5 {[%clk 0:10:21]} Qf6 {[%clk 0:15:44]} 23. Be3
{[%clk 0:07:56]} Bf3+ {[%clk 0:15:28]} 24. Kg3 {[%clk 0:07:21]} Bxh1
{[%clk 0:15:08]} 25. Rxh1 {[%clk 0:07:19]} b6 {[%clk 0:13:48]} 26. Ng1
{[%clk 0:05:46]} Qe7 {[%clk 0:11:36]} 27. Qh2 {[%clk 0:04:11]} Bf6
{[%clk 0:08:22]} 28. N1f3 {[%clk 0:02:59]} a4 {[%clk 0:07:26]} 29. b4
{[%clk 0:01:56]} Nd3 {[%clk 0:06:24]} 30. Ne6 {[%clk 0:01:16]} Rfc8
{[%clk 0:03:58]} 31. Qh6 {[%clk 0:00:48]} Nf4 {[%clk 0:02:19]} 32. Bxf4
{[%clk 0:00:20]} exf4+ {[%clk 0:02:24]} 33. Nxf4 {[%clk 0:00:21]} Qxe4
{[%clk 0:01:07]} 34. Qh7+ {[%clk 0:00:17]} Kf8 {[%clk 0:01:14]} 35. Nxg6+
{[%clk 0:00:14]} Ke8 {[%clk 0:01:20]} 36. Qg8+ {[%clk 0:00:21]} Kd7
{[%clk 0:01:21]} 37. Rh7+ {[%clk 0:00:23]} Be7 {[%clk 0:01:27]} 38. Qe6+
{[%clk 0:00:18]} Qxe6 {[%clk 0:01:27]} 39. dxe6+ {[%clk 0:00:27]} Kxe6
{[%clk 0:01:32]} 40. Nxe7 {[%clk 0:00:29]} Rh8 {[%clk 0:01:15]} 41. Nd4+
{[%clk 0:00:19]} Kf6 {[%clk 0:00:46]} 42. Nd5+ {[%clk 0:00:26]} Ke5
{[%clk 0:00:26]} 43. Nc6+ {[%clk 0:00:34]} Ke4 {[%clk 0:00:17]} 44. Rxh8
{[%clk 0:00:22]} Rxh8 {[%clk 0:00:25]} 45. b5 {[%clk 0:00:17]} Rg8+
{[%clk 0:00:32]} 46. Kf2 {[%clk 0:00:22]} Kd3 {[%clk 0:00:35]} 47. Nxc7
{[%clk 0:00:17]} Kxc4 {[%clk 0:00:43]} 48. Ne7 {[%clk 0:00:13]} Rg7
{[%clk 0:00:44]} 49. Ned5 {[%clk 0:00:19]} Rf7+ {[%clk 0:00:51]} 50. Ke3
{[%clk 0:00:25]} Kc5 {[%clk 0:00:50]} 51. Kd3 {[%clk 0:00:19]} Rf3+
{[%clk 0:00:44]} 52. Ne3 {[%clk 0:00:20]} Rf2 {[%clk 0:00:45]} 53. a3
{[%clk 0:00:20]} Ra2 {[%clk 0:00:46]} 54. Nc2 {[%clk 0:00:26]} Rb2
{[%clk 0:00:46]} 55. Kc3 {[%clk 0:00:24]} Rb3+ {[%clk 0:00:53]} 56. Kd2
{[%clk 0:00:31]} Rh3 {[%clk 0:00:52]} 57. Kc1 {[%clk 0:00:29]} d5
{[%clk 0:00:56]} 58. Kb2 {[%clk 0:00:32]} d4 {[%clk 0:00:57]} 59. Ne6+
{[%clk 0:00:40]} Kxb5 {[%clk 0:00:54]} 60. Nexd4+ {[%clk 0:00:46]} Ka6
{[%clk 0:01:01]} 61. Nb4+ {[%clk 0:00:44]} Kb7 {[%clk 0:01:08]} 62. Nbc2
{[%clk 0:00:48]} Rg3 {[%clk 0:01:13]} 1/2-1/2

[Event "euyr2018"]
[Site "?"]
[Date "2018.05.25"]
[Round "2.21"]
[White "Mica, Marek"]
[Black "Kapec, Kristian"]
[Result "1-0"]
[BlackElo "1481"]
[WhiteElo "1801"]
[LiveChessVersion "1.4.8"]

1. d4 {[%clk 0:20:17]} d5 {[%clk 0:20:16]} 2. c4 {[%clk 0:20:23]} e6
{[%clk 0:20:18]} 3. Nc3 {[%clk 0:20:29]} Nf6 {[%clk 0:20:24]} 4. Nf3
{[%clk 0:20:35]} c5 {[%clk 0:20:30]} 5. cxd5 {[%clk 0:20:33]} exd5
{[%clk 0:19:55]} 6. Bg5 {[%clk 0:20:36]} Nc6 {[%clk 0:17:58]} 7. e3
{[%clk 0:20:17]} Be6 {[%clk 0:17:26]} 8. Be2 {[%clk 0:20:15]} cxd4
{[%clk 0:17:15]} 9. Nxd4 {[%clk 0:20:20]} Be7 {[%clk 0:17:15]} 10. O-O
{[%clk 0:19:53]} h6 {[%clk 0:17:05]} 11. Bxf6 {[%clk 0:18:02]} Bxf6
{[%clk 0:17:02]} 12. Nxe6 {[%clk 0:16:50]} fxe6 {[%clk 0:17:09]} 13. Bh5+
{[%clk 0:16:37]} Kf8 {[%clk 0:16:47]} 14. Bg4 {[%clk 0:16:29]} Qe7
{[%clk 0:15:29]} 15. Rc1 {[%clk 0:16:17]} Rd8 {[%clk 0:15:27]} 16. Ne2
{[%clk 0:14:45]} Bxb2 {[%clk 0:14:11]} 17. Nf4 {[%clk 0:14:41]} Qf6
{[%clk 0:12:30]} 18. Nxe6+ {[%clk 0:14:39]} Ke7 {[%clk 0:11:12]} 19. Nxd8
{[%clk 0:14:38]} Rxd8 {[%clk 0:10:56]} 20. Rc5 {[%clk 0:14:27]} Qd6
{[%clk 0:08:58]} 21. Rb5 {[%clk 0:14:22]} Be5 {[%clk 0:06:56]} 22. Rxb7+
{[%clk 0:14:25]} Kf8 {[%clk 0:07:06]} 23. Qf3+ {[%clk 0:14:27]} Bf6
{[%clk 0:07:12]} 24. Qf5 {[%clk 0:14:03]} Ne7 {[%clk 0:06:02]} 25. Qe6
{[%clk 0:13:57]} Qxe6 {[%clk 0:04:17]} 26. Bxe6 {[%clk 0:14:04]} Nc6
{[%clk 0:04:07]} 27. Rd1 {[%clk 0:13:56]} d4 {[%clk 0:04:00]} 28. Rd7
{[%clk 0:12:44]} Rb8 {[%clk 0:03:28]} 29. h3 {[%clk 0:12:11]} dxe3
{[%clk 0:03:26]} 30. fxe3 {[%clk 0:12:18]} Rb2 {[%clk 0:03:02]} 31. Rf7+
{[%clk 0:12:18]} Ke8 {[%clk 0:03:11]} 32. Rxf6 {[%clk 0:12:07]} gxf6
{[%clk 0:03:06]} 33. Bd7+ {[%clk 0:12:14]} Ke7 {[%clk 0:03:13]} 34. Bxc6
{[%clk 0:12:21]} Rxa2 {[%clk 0:03:21]} 35. e4 {[%clk 0:12:22]} Rc2
{[%clk 0:03:20]} 36. Bd5 {[%clk 0:12:26]} a5 {[%clk 0:03:29]} 37. Ra1
{[%clk 0:12:34]} Rc5 {[%clk 0:03:31]} 38. Kf2 {[%clk 0:12:38]} Kd6
{[%clk 0:03:39]} 39. Ke3 {[%clk 0:12:37]} f5 {[%clk 0:03:37]} 40. Kd4
{[%clk 0:12:18]} fxe4 {[%clk 0:03:31]} 41. Bxe4 {[%clk 0:12:24]} Rg5
{[%clk 0:03:39]} 42. Rb1 {[%clk 0:12:18]} h5 {[%clk 0:03:31]} 43. Rb6+
{[%clk 0:12:20]} Kc7 {[%clk 0:03:40]} 44. Ra6 {[%clk 0:12:26]} Rb5
{[%clk 0:03:22]} 45. Bf3 {[%clk 0:12:25]} Kb8 {[%clk 0:03:01]} 46. Kc4
{[%clk 0:12:26]} Rg5 {[%clk 0:02:47]} 47. Kb3 {[%clk 0:12:25]} Kc7
{[%clk 0:02:52]} 48. Ka4 {[%clk 0:12:32]} h4 {[%clk 0:00:52]} 49. Rh6
{[%clk 0:12:31]} Rf5 {[%clk 0:00:13]} 50. Rxh4 {[%clk 0:12:33]} Kb6
{[%clk 0:00:20]} 51. Rh6+ {[%clk 0:12:40]} Kc5 {[%clk 0:00:29]} 52. Rh5
{[%clk 0:12:47]} Rxh5 {[%clk 0:00:32]} 53. Bxh5 {[%clk 0:12:55]} Kd4
{[%clk 0:00:41]} 54. Kxa5 {[%clk 0:13:02]} Ke5 {[%clk 0:00:50]} 55. g4
{[%clk 0:13:06]} Kf4 {[%clk 0:00:58]} 56. Kb4 {[%clk 0:13:13]} Kg5
{[%clk 0:01:07]} 57. Kc5 {[%clk 0:13:20]} Kh4 {[%clk 0:01:16]} 58. Kd5
{[%clk 0:13:27]} Kg5 {[%clk 0:01:21]} 59. Ke5 {[%clk 0:13:34]} Kh6
{[%clk 0:01:24]} 60. Kf6 {[%clk 0:13:37]} Kh7 {[%clk 0:01:32]} 61. Bg6+
{[%clk 0:13:44]} Kh6 {[%clk 0:01:41]} 62. g5# {[%clk 0:13:53]} 1-0

[Event "euyr2018"]
[Site "?"]
[Date "2018.05.25"]
[Round "2.22"]
[White "Blaha, Lukas"]
[Black "Malik, Maciej"]
[Result "1-0"]
[BlackElo "1138"]
[WhiteElo "1603"]
[LiveChessVersion "1.4.8"]

1. e4 {[%clk 0:20:18]} d6 {[%clk 0:20:11]} 2. Nf3 {[%clk 0:20:22]} Nf6
{[%clk 0:20:05]} 3. Nc3 {[%clk 0:20:31]} g6 {[%clk 0:20:12]} 4. d4
{[%clk 0:20:35]} Bg7 {[%clk 0:20:19]} 5. Bc4 {[%clk 0:20:10]} O-O
{[%clk 0:20:24]} 6. O-O {[%clk 0:20:18]} c6 {[%clk 0:20:19]} 7. Be3
{[%clk 0:20:02]} b5 {[%clk 0:20:23]} 8. Bd3 {[%clk 0:20:00]} a6 {[%clk 0:19:42]}
9. h3 {[%clk 0:20:00]} Qc7 {[%clk 0:19:11]} 10. Qd2 {[%clk 0:19:03]} Rd8
{[%clk 0:19:07]} 11. Bh6 {[%clk 0:18:58]} Bh8 {[%clk 0:19:12]} 12. Bg5
{[%clk 0:18:09]} c5 {[%clk 0:17:12]} 13. Bxf6 {[%clk 0:16:18]} exf6
{[%clk 0:17:07]} 14. Nd5 {[%clk 0:16:24]} Qb7 {[%clk 0:15:50]} 15. dxc5
{[%clk 0:15:15]} dxc5 {[%clk 0:15:53]} 16. Qf4 {[%clk 0:13:08]} c4
{[%clk 0:14:54]} 17. Nxf6+ {[%clk 0:11:10]} Bxf6 {[%clk 0:14:48]} 18. Qxf6
{[%clk 0:11:18]} Re8 {[%clk 0:13:16]} 19. Be2 {[%clk 0:09:42]} Nd7
{[%clk 0:09:04]} 20. Qc3 {[%clk 0:07:04]} Nc5 {[%clk 0:07:38]} 21. Nd2
{[%clk 0:04:20]} Na4 {[%clk 0:07:08]} 22. Qa3 {[%clk 0:03:25]} Bd7
{[%clk 0:07:08]} 23. b4 {[%clk 0:01:34]} c3 {[%clk 0:06:47]} 24. Nb3
{[%clk 0:01:14]} Rad8 {[%clk 0:04:50]} 25. Nc5 {[%clk 0:01:10]} Nxc5
{[%clk 0:03:51]} 26. bxc5 {[%clk 0:01:19]} Qxe4 {[%clk 0:02:52]} 27. Bd3
{[%clk 0:01:08]} Qd5 {[%clk 0:02:22]} 28. Qxc3 {[%clk 0:00:50]} Qg5
{[%clk 0:02:17]} 29. f4 {[%clk 0:00:23]} Qd5 {[%clk 0:01:29]} 30. Rae1
{[%clk 0:00:15]} Bc6 {[%clk 0:01:35]} 31. Qd2 {[%clk 0:00:23]} Qxc5+
{[%clk 0:01:15]} 32. Qf2 {[%clk 0:00:26]} Qxf2+ {[%clk 0:01:17]} 33. Kxf2
{[%clk 0:00:35]} Re6 {[%clk 0:00:58]} 34. Rxe6 {[%clk 0:00:41]} fxe6
{[%clk 0:01:07]} 35. Re1 {[%clk 0:00:48]} Bd5 {[%clk 0:01:16]} 36. a3
{[%clk 0:00:56]} Rf8 {[%clk 0:01:16]} 37. g3 {[%clk 0:01:02]} Kf7
{[%clk 0:00:56]} 38. Be4 {[%clk 0:01:01]} Rd8 {[%clk 0:01:05]} 39. Bxd5
{[%clk 0:01:07]} Rxd5 {[%clk 0:01:14]} 40. Ke3 {[%clk 0:01:15]} Rc5
{[%clk 0:01:19]} 41. Kd3 {[%clk 0:01:19]} Rd5+ {[%clk 0:00:44]} 42. Kc3
{[%clk 0:01:27]} Rc5+ {[%clk 0:00:46]} 43. Kb3 {[%clk 0:01:36]} a5
{[%clk 0:00:51]} 44. c3 {[%clk 0:01:40]} Rc4 {[%clk 0:00:54]} 45. Re5
{[%clk 0:01:45]} a4+ {[%clk 0:00:41]} 46. Kc2 {[%clk 0:01:51]} Kf6
{[%clk 0:00:28]} 47. Rxb5 Re4 {[%clk 0:00:38]} 48. Kd2 {[%clk 0:02:05]} h6
{[%clk 0:00:18]} 49. Rb4 {[%clk 0:02:13]} Rxb4 {[%clk 0:00:20]} 50. cxb4
{[%clk 0:02:22]} Ke7 {[%clk 0:00:29]} 51. Ke3 {[%clk 0:02:31]} Kd6
{[%clk 0:00:39]} 52. Kd4 {[%clk 0:02:40]} g5 {[%clk 0:00:45]} 53. fxg5
{[%clk 0:02:47]} hxg5 {[%clk 0:00:53]} 54. h4 {[%clk 0:02:56]} 1-0

[Event "euyr2018"]
[Site "?"]
[Date "2018.05.25"]
[Round "2.23"]
[White "Zbin, Viktor"]
[Black "Mach, Petr"]
[Result "0-1"]
[BlackElo "1683"]
[WhiteElo "1230"]
[LiveChessVersion "1.4.8"]

1. d4 {[%clk 0:20:18]} Nf6 {[%clk 0:20:19]} 2. c4 {[%clk 0:20:26]} g6
{[%clk 0:20:28]} 3. Nc3 {[%clk 0:20:36]} d5 {[%clk 0:20:36]} 4. Nf3
{[%clk 0:20:43]} Bg7 {[%clk 0:20:44]} 5. Bg5 {[%clk 0:20:51]} O-O
{[%clk 0:20:44]} 6. e3 {[%clk 0:20:26]} Ne4 {[%clk 0:20:38]} 7. Bh4
{[%clk 0:20:05]} Nxc3 {[%clk 0:20:38]} 8. bxc3 {[%clk 0:20:11]} c5
{[%clk 0:20:34]} 9. Qc2 {[%clk 0:19:32]} Bf5 {[%clk 0:20:38]} 10. Qb3
{[%clk 0:19:20]} dxc4 {[%clk 0:20:16]} 11. Bxc4 {[%clk 0:19:21]} Nc6
{[%clk 0:20:23]} 12. O-O {[%clk 0:19:06]} Na5 {[%clk 0:20:21]} 13. Qb5
{[%clk 0:18:45]} a6 {[%clk 0:20:06]} 14. Qxc5 {[%clk 0:17:54]} Rc8
{[%clk 0:20:14]} 15. Bxe7 {[%clk 0:16:43]} Rxc5 {[%clk 0:19:36]} 16. Bxd8
{[%clk 0:16:43]} Nxc4 {[%clk 0:19:41]} 17. Be7 {[%clk 0:16:46]} Rc7
{[%clk 0:19:19]} 18. Bxf8 {[%clk 0:16:47]} Kxf8 {[%clk 0:19:27]} 19. Rfe1
{[%clk 0:16:09]} Bd3 {[%clk 0:18:29]} 20. e4 {[%clk 0:15:16]} Nb2
{[%clk 0:18:32]} 21. e5 {[%clk 0:12:55]} Rxc3 {[%clk 0:18:27]} 22. Re3
{[%clk 0:12:36]} Bh6 {[%clk 0:18:29]} 23. Ree1 {[%clk 0:12:27]} Bc4
{[%clk 0:18:05]} 24. Rab1 {[%clk 0:11:27]} Nd3 {[%clk 0:17:49]} 25. Red1
{[%clk 0:11:00]} Bd5 {[%clk 0:17:45]} 26. Nd2 {[%clk 0:09:43]} Nf4
{[%clk 0:16:52]} 27. g3 {[%clk 0:09:10]} Ne2+ {[%clk 0:16:58]} 28. Kf1
{[%clk 0:09:16]} Nxd4 {[%clk 0:17:04]} 29. Ne4 {[%clk 0:08:30]} Bxe4
{[%clk 0:17:06]} 30. Rxd4 {[%clk 0:08:36]} Bxb1 {[%clk 0:17:13]} 31. Rb4
{[%clk 0:08:07]} Rc1+ {[%clk 0:17:08]} 32. Ke2 {[%clk 0:08:10]} b5
{[%clk 0:17:15]} 33. Rh4 {[%clk 0:08:15]} Bg7 {[%clk 0:16:34]} 34. Rxh7
{[%clk 0:08:08]} Bxa2 {[%clk 0:16:41]} 35. f4 {[%clk 0:08:13]} Be6
{[%clk 0:16:48]} 36. Ke3 {[%clk 0:08:16]} a5 {[%clk 0:16:47]} 0-1